[Event "Titled Tuesday intern op 25th Jan"]
[Site "Chess.com INT"]
[Date "2022.01.25"]
[Round "5"]
[White "Krzywda, Andrzej"]
[Black "Evdokimov, Alexander A"]
[Result "0-1"]
[WhiteElo "2152"]
[BlackElo "2465"]
[PlyCount "148"]
[EventDate "2022.01.25"]
[EventType "swiss (blitz)"]
[EventRounds "11"]
[EventCountry "USA"]
[SourceTitle "CBM 206 Extra"]
[Source "ChessBase"]
[SourceDate "2022.03.31"]
[SourceVersion "1"]
[SourceVersionDate "2022.03.31"]
[SourceQuality "1"]

1. d4 Nf6 2. Nf3 g6 3. g3 Bg7 4. Bg2 0-0 5. 0-0 d6 6. c4 Nc6 7. Nc3 a6 8. b3 Rb8 9. e4 Bg4 10. Be3 Qd7 11. Re1 e5 12. dxe5 Bxf3 13. Bxf3 dxe5 14. Nd5 Rfd8 15. Bg5 Qe6 16. Bxf6 Bxf6 17. Bg4 Qd6 18. c5 Qxc5 19. Nxf6+ Kg7 20. Nd5 Qd6 21. Rc1 h5 22. Bh3 h4 23. Qg4 hxg3 24. hxg3 Rh8 25. Kg2 Rh5 26. Ne3 Rbh8 27. Rh1 Nd4 28. Qd7 Qf6 29. Qg4 c6 30. Rcd1 Kf8 31. Nc4 Ne6 32. Rd6 Rg5 33. Rxe6 fxe6 34. Qxe6 Qxe6 35. Bxe6 Rxh1 36. Kxh1 Ke7 37. Bc8 b5 38. Ne3 a5 39. g4 Kd8 40. Be6 Ke7 41. Bg8 Kf8 42. Be6 Ke7 43. Bc8 Kd8 44. Ba6 Kc7 45. a4 Kb6 46. Bc8 Kc7 47. Be6 Kd6 48. Bg8 Ke7 49. axb5 cxb5 50. Bd5 Kd6 51. Kg2 a4 52. bxa4 bxa4 53. Kg3 Ke7 54. f4 exf4+ 55. Kxf4 Kf6 56. Nc2 Re5 57. Nd4 g5+ 58. Ke3 Re8 59. Kd3 Rb8 60. Nc2 Ke5 61. Bc6 Rd8+ 62. Kc4 Rc8 63. Kc5 Kf4 64. Kb6 Rd8 65. Bxa4 Kxg4 66. Ne3+ Kf4 67. Nd5+ Kxe4 68. Nf6+ Kf3 69. Bd7 Rf8 70. Nd5 g4 71. Bc6 Kf2 72. Nc3 g3 73. Kc5 g2 74. Bxg2 Kxg2 0-1

[Event "Titled Tuesday intern op 25th Jan"]
[Site "Chess.com INT"]
[Date "2022.01.25"]
[Round "8"]
[White "Papp, Petra"]
[Black "Evdokimov, Alexander A"]
[Result "1/2-1/2"]
[WhiteElo "2336"]
[BlackElo "2465"]
[PlyCount "146"]
[EventDate "2022.01.25"]
[EventType "swiss (blitz)"]
[EventRounds "11"]
[EventCountry "USA"]
[SourceTitle "CBM 206 Extra"]
[Source "ChessBase"]
[SourceDate "2022.03.31"]
[SourceVersion "1"]
[SourceVersionDate "2022.03.31"]
[SourceQuality "1"]

1. d4 Nf6 2. c4 g6 3. Nc3 Bg7 4. e4 0-0 5. h3 d6 6. Be3 e5 7. d5 c6 8. g4 a6 9. Nge2 cxd5 10. cxd5 b5 11. Ng3 Nbd7 12. f3 Bb7 13. Be2 Ne8 14. Qd2 Rc8 15. h4 Nc5 16. Kf1 b4 17. Nd1 a5 18. Kg2 Nc7 19. h5 Qd7 20. Nf2 f5 21. Bh6 f4 22. Bxg7 Kxg7 23. hxg6 hxg6 24. Nf1 Rh8 25. Qd1 Qe7 26. Nd2 Rxh1 27. Qxh1 Rh8 28. Nh3 Qh4 29. Nf1 Nxd5 30. exd5 Bxd5 31. Nf2 Qg5 32. Qg1 Rh4 33. Nh2 Ne6 34. Kf1 Nd4 35. Qg2 Qh6 36. g5 Qh5 37. Nhg4 Qxg5 38. Rc1 Qd8 39. Ke1 Be6 40. Ne4 Bxg4 41. fxg4 f3 42. Bxf3 Rh2 43. Qg3 Qh4 44. Qxh4 Nxf3+ 45. Kd1 Nxh4 46. Rc8 Nf3 47. Rc7+ Kh6 48. g5+ Kh5 49. Rh7+ Kg4 50. Rxh2 Nxh2 51. Nxd6 Kxg5 52. Nc4 Kf4 53. Nxa5 g5 54. Ke2 g4 55. Nc4 g3 56. Ne3 Ng4 57. Ng2+ Ke4 58. a4 bxa3 59. bxa3 Nf6 60. a4 Nd5 61. a5 Nb4 62. Ne1 Kf4 63. Kf1 Ke3 64. Kg2 Kf4 65. Nf3 e4 66. Ng1 e3 67. Ne2+ Ke4 68. Kxg3 Kd3 69. Kf3 Kd2 70. Nf4 Kc3 71. Kxe3 Kc4 72. Ke4 Kb5 73. Nd5 Kxa5 1/2-1/2

[Event "Titled Tuesday intern op 18th Jan"]
[Site "Chess.com INT"]
[Date "2022.01.18"]
[Round "7"]
[White "Evdokimov, Alexander A"]
[Black "Visakh, Narayanan Rajeswari"]
[Result "1-0"]
[WhiteElo "2465"]
[BlackElo "2522"]
[PlyCount "131"]
[EventDate "2022.01.18"]
[EventType "swiss (blitz)"]
[EventRounds "11"]
[EventCountry "USA"]
[SourceTitle "CBM 206 Extra"]
[Source "ChessBase"]
[SourceDate "2022.03.31"]
[SourceVersion "1"]
[SourceVersionDate "2022.03.31"]
[SourceQuality "1"]

1. d4 d6 2. Nf3 Nf6 3. Nc3 g6 4. e4 Bg7 5. h3 0-0 6. Be2 e5 7. dxe5 dxe5 8. Qxd8 Rxd8 9. 0-0 Re8 10. Bg5 h6 11. Be3 c6 12. a4 Nh5 13. Rfd1 Nf4 14. Bf1 Na6 15. Nd2 Nb4 16. Rac1 Be6 17. Kh2 g5 18. g3 Ng6 19. Nc4 b6 20. Rd2 Red8 21. Rcd1 Rxd2 22. Rxd2 Bf8 23. Nb1 Na6 24. Nd6 Nc7 25. Nf5 Ne7 26. Nd6 Rd8 27. Nc4 Rxd2 28. Nbxd2 f6 29. c3 Nc8 30. b4 Kf7 31. Be2 Nd6 32. Nxd6+ Bxd6 33. Bc4 Bxc4 34. Nxc4 Be7 35. Kg2 Ke6 36. Kf3 h5 37. Ke2 Ne8 38. Kd3 Nd6 39. Nxd6 Bxd6 40. Kc4 g4 41. hxg4 hxg4 42. b5 c5 43. Bh6 Be7 44. Be3 Bd6 45. Bd2 Bf8 46. Be3 Be7 47. Bc1 Bf8 48. Bd2 Bg7 49. Kd3 Bf8 50. Be3 Bg7 51. Kc4 Bf8 52. a5 Be7 53. a6 Bf8 54. Bd2 Be7 55. Bh6 Bd6 56. Kd3 Be7 57. Ke2 f5 58. Kd3 Bd6 59. Bg7 f4 60. Bh6 fxg3 61. fxg3 Be7 62. Ke3 Bf6 63. Kd3 Be7 64. Be3 Bf8 65. Kc4 Kd6 66. Bxc5+ 1-0

[Event "Titled Tuesday intern op 18th Jan"]
[Site "Chess.com INT"]
[Date "2022.01.18"]
[Round "8"]
[White "Obolenskikh, Dmitry Aleksandrovi"]
[Black "Evdokimov, Alexander A"]
[Result "0-1"]
[WhiteElo "2543"]
[BlackElo "2465"]
[PlyCount "112"]
[EventDate "2022.01.18"]
[EventType "swiss (blitz)"]
[EventRounds "11"]
[EventCountry "USA"]
[SourceTitle "CBM 206 Extra"]
[Source "ChessBase"]
[SourceDate "2022.03.31"]
[SourceVersion "1"]
[SourceVersionDate "2022.03.31"]
[SourceQuality "1"]

1. e4 d6 2. d4 Nf6 3. Nc3 g6 4. f4 Bg7 5. Nf3 c5 6. Bb5+ Bd7 7. Bxd7+ Nfxd7 8. d5 0-0 9. 0-0 Na6 10. Kh1 Rb8 11. a4 Nc7 12. f5 a6 13. Qe1 b5 14. Qh4 bxa4 15. Ng5 Nf6 16. Rxa4 Rb4 17. fxg6 fxg6 18. b3 h6 19. Nf3 g5 20. Qe1 Qd7 21. Rxb4 cxb4 22. Na4 a5 23. Nb6 Qg4 24. e5 Nfxd5 25. Nxd5 Nxd5 26. exd6 exd6 27. h3 Qd7 28. Qe4 Nc3 29. Qg6 d5 30. Re1 Rxf3 31. gxf3 Qxh3+ 32. Kg1 Qg3+ 33. Kf1 Qxf3+ 34. Kg1 Qg3+ 35. Kf1 Qf3+ 36. Kg1 Ne2+ 37. Rxe2 Qxe2 38. Bb2 Qe1+ 39. Kh2 Qh4+ 40. Kg1 Qg4+ 41. Kh2 Qf4+ 42. Kg1 Qg3+ 43. Kf1 Qf3+ 44. Kg1 Qf7 45. Qxf7+ Kxf7 46. Bc1 Bd4+ 47. Kg2 Kg6 48. Bd2 Kf5 49. Kf1 h5 50. Kg2 h4 51. Be1 Kg4 52. Kh1 h3 53. Bd2 Be5 54. Be3 Bc7 55. Bc5 Kf3 56. Kg1 g4 0-1

[Event "Titled Tuesday intern op 18th Jan"]
[Site "Chess.com INT"]
[Date "2022.01.18"]
[Round "9"]
[White "Savchenko, Boris"]
[Black "Evdokimov, Alexander A"]
[Result "1-0"]
[WhiteElo "2535"]
[BlackElo "2465"]
[PlyCount "85"]
[EventDate "2022.01.18"]
[EventType "swiss (blitz)"]
[EventRounds "11"]
[EventCountry "USA"]
[SourceTitle "CBM 206 Extra"]
[Source "ChessBase"]
[SourceDate "2022.03.31"]
[SourceVersion "1"]
[SourceVersionDate "2022.03.31"]
[SourceQuality "1"]

1. d4 g6 2. c4 Bg7 3. Nc3 Nf6 4. Nf3 0-0 5. e4 d6 6. Be2 e5 7. d5 a5 8. 0-0 Na6 9. Be3 h6 10. Nd2 Ne8 11. a3 f5 12. f3 Bd7 13. Qc2 Nf6 14. b3 f4 15. Bf2 g5 16. Rfb1 g4 17. fxg4 Nxg4 18. Bxg4 Bxg4 19. Nf3 Qe8 20. Qe2 Nc5 21. h3 Bh5 22. Kh2 Kh8 23. Nb5 Qf7 24. b4 axb4 25. axb4 Na6 26. c5 Rad8 27. Nc3 Ra8 28. c6 Rae8 29. cxb7 Nb8 30. b5 Rg8 31. Ra8 Bf6 32. Ba7 Nd7 33. Rxe8 Qxe8 34. Qf2 Qg6 35. b6 cxb6 36. Nb5 Be7 37. Rc1 Bd8 38. Rc8 Nf6 39. Nxd6 Nxd5 40. exd5 Qxd6 41. b8Q Qxd5 42. Qxe5+ Qxe5 43. Nxe5 1-0

[Event "Eljanov Memorial 6th"]
[Site "Chess.com INT"]
[Date "2020.10.29"]
[Round "6"]
[White "Evdokimov, Alexander A"]
[Black "Padalka, Artem"]
[Result "0-1"]
[WhiteElo "2465"]
[BlackElo "2203"]
[PlyCount "86"]
[EventDate "2020.10.29"]
[EventType "swiss (blitz)"]
[EventRounds "9"]
[EventCountry "UKR"]
[SourceTitle "CBM 199 Extra"]
[Source "ChessBase"]
[SourceDate "2021.01.31"]
[SourceVersion "1"]
[SourceVersionDate "2021.01.31"]
[SourceQuality "1"]

1. e4 g6 2. d4 Bg7 3. c3 d6 4. Bd3 Nf6 5. Nf3 0-0 6. Bg5 Nbd7 7. 0-0 e5 8. Nbd2 c6 9. h3 Qe7 10. Re1 h6 11. Bh4 g5 12. Bg3 Nh5 13. Bh2 Nf4 14. Bf1 Re8 15. a4 a5 16. Nc4 Bf6 17. dxe5 dxe5 18. Nd6 Rd8 19. Nf5 Qf8 20. Qc2 Nc5 21. Bc4 Be6 22. Ne3 Rd7 23. Rad1 Rad8 24. Rxd7 Rxd7 25. Ng4 Bxg4 26. hxg4 Qd8 27. Bg3 Rd6 28. b4 axb4 29. cxb4 Nce6 30. Qb3 Qd7 31. Bxe6 Rxe6 32. Qc4 Rd6 33. b5 Qxg4 34. bxc6 Rxc6 35. Qb5 Rc2 36. Qb6 Ne2+ 37. Kf1 Nxg3+ 38. fxg3 Kg7 39. Qb3 Rc7 40. Qb6 Re7 41. Kf2 h5 42. Rh1 h4 43. gxh4 gxh4 0-1

[Event "Rasht Khazar op 18th"]
[Site "Rasht"]
[Date "2020.02.16"]
[Round "5"]
[White "Evdokimov, Alexander A"]
[Black "Yeritsyan, Hayk"]
[Result "1-0"]
[WhiteElo "2490"]
[BlackElo "2291"]
[PlyCount "131"]
[EventDate "2020.02.13"]
[EventType "swiss"]
[EventRounds "9"]
[EventCountry "IRI"]
[SourceTitle "CBM 195 Extra"]
[Source "ChessBase"]
[SourceDate "2020.05.31"]
[SourceVersion "1"]
[SourceVersionDate "2020.05.31"]
[SourceQuality "1"]

1. d4 d5 2. c4 e6 3. Nf3 Nf6 4. g3 Be7 5. Bg2 0-0 6. Nbd2 c5 7. dxc5 Bxc5 8. 0-0 Nc6 9. cxd5 exd5 10. Nb3 Bb6 11. Nfd4 Ne4 12. Be3 Qf6 13. Rc1 Re8 14. a3 h5 15. Nxc6 bxc6 16. Bxb6 axb6 17. Qd4 Qxd4 18. Nxd4 c5 19. Nb5 Re7 20. Rfd1 Ba6 21. Bxe4 dxe4 22. Nc3 Bc4 23. Rd6 Rb8 24. Rcd1 b5 25. Rd8+ Rxd8 26. Rxd8+ Kh7 27. Rc8 Re5 28. Kf1 h4 29. Ke1 hxg3 30. hxg3 Kg6 31. Kd2 e3+ 32. fxe3 Kf5 33. Ke1 Kg4 34. Kf2 Rh5 35. Kg2 Re5 36. Kf2 Rf5+ 37. Kg2 Re5 38. e4 Be6 39. Rb8 Bd7 40. Rb7 Be8 41. Nd1 Kg5 42. Nf2 g6 43. Kf3 c4 44. Rb6 Rc5 45. Rd6 c3 46. bxc3 Rxc3+ 47. Rd3 Rc2 48. Rd5+ Kf6 49. Ng4+ Ke7 50. Ne3 Ra2 51. Rd3 Ke6 52. Rc3 Ra1 53. Nc2 Rd1 54. Ke3 Bd7 55. Nd4+ Kd6 56. Rd3 Rb1 57. Nxb5+ Ke7 58. Nc3 Ra1 59. Nd5+ Ke6 60. Nf4+ Ke7 61. Nd5+ Ke6 62. Kd4 Ra2 63. Rb3 Rd2+ 64. Ke3 Ra2 65. Rb6+ Ke5 66. Nb4 1-0

[Event "Rome City op 4th"]
[Site "Rome"]
[Date "2019.12.14"]
[Round "8"]
[White "Smirnov, Anton"]
[Black "Evdokimov, Alexander A"]
[Result "1/2-1/2"]
[WhiteElo "2585"]
[BlackElo "2472"]
[PlyCount "172"]
[EventDate "2019.12.08"]
[EventType "swiss"]
[EventRounds "9"]
[EventCountry "ITA"]
[SourceTitle "CBM 193 Extra"]
[Source "ChessBase"]
[SourceDate "2020.01.31"]
[SourceVersion "1"]
[SourceVersionDate "2020.01.31"]
[SourceQuality "1"]

1. e4 c5 2. Nf3 d6 3. d4 cxd4 4. Nxd4 Nf6 5. Nc3 Nc6 6. f3 e5 7. Nb3 Be6 8. Nd5 Bxd5 9. exd5 Nb8 10. Be3 Be7 11. Qd2 0-0 12. g4 Qc8 13. h4 Bd8 14. 0-0-0 Bb6 15. Bxb6 axb6 16. Kb1 Ra4 17. h5 Nfd7 18. g5 Rf4 19. Qf2 Qd8 20. Qg3 Nc5 21. Nd2 Nba6 22. Be2 Qd7 23. a3 Qa4 24. g6 h6 25. gxf7+ R8xf7 26. c3 Nc7 27. Qg6 Nxd5 28. Qxd6 Ne3 29. Qd8+ Rf8 30. Qxb6 Qc2+ 31. Ka2 Na4 32. Qe6+ Kh8 33. Qb3 Qxb3+ 34. Nxb3 Nxd1 35. Rxd1 e4 36. fxe4 Rxe4 37. Bb5 Nb6 38. Rd6 Nc8 39. Rd5 Nb6 40. Rc5 Rc8 41. Rf5 Kg8 42. Nc5 Re7 43. Nxb7 Rxb7 44. Ba6 Rbc7 45. Bxc8 Nxc8 46. a4 g6 47. hxg6 Kg7 48. Rf3 Kxg6 49. b4 h5 50. Kb3 h4 51. c4 Rh7 52. Rh3 Kf5 53. b5 Ke5 54. c5 Kd4 55. Kb4 Ne7 56. b6 Kd5 57. Rd3+ Ke4 58. Rd1 h3 59. Re1+ Kd5 60. Kb5 Nc6 61. Rd1+ Nd4+ 62. Ka6 Kxc5 63. Rc1+ Kb4 64. b7 Rxb7 65. Kxb7 h2 66. Rh1 Nf3 67. Kc6 Kxa4 68. Kd5 Kb4 69. Ke4 Nd2+ 70. Ke3 Nc4+ 71. Kf4 Kc5 72. Rxh2 Kd4 73. Rh1 Ne3 74. Rh2 Nd5+ 75. Kf3 Kd3 76. Rh4 Nc3 77. Kf4 Kd4 78. Kf5+ Kd5 79. Rh8 Kd4 80. Rd8+ Kc4 81. Ke5 Ne2 82. Rd2 Nc3 83. Rd4+ Kc5 84. Rh4 Nb5 85. Rh8 Nd6 86. Rd8 Nf7+ 1/2-1/2

[Event "RUS GP rap"]
[Site "Serpukhov"]
[Date "2018.02.24"]
[Round "10"]
[White "Evdokimov, Alexander A"]
[Black "Pridorozhni, Aleksei"]
[Result "0-1"]
[WhiteElo "2502"]
[BlackElo "2570"]
[PlyCount "194"]
[EventDate "2018.02.23"]
[EventType "swiss (rapid)"]
[EventRounds "11"]
[EventCountry "RUS"]
[SourceTitle "CBM 183 Extra"]
[Source "ChessBase"]
[SourceDate "2018.04.19"]
[SourceVersion "1"]
[SourceVersionDate "2018.04.19"]
[SourceQuality "1"]

1. d4 g6 2. Nf3 Bg7 3. e4 d6 4. c3 Nf6 5. Bd3 0-0 6. 0-0 Nbd7 7. Re1 e5 8. Bg5 h6 9. Bh4 c6 10. Nbd2 Qc7 11. a4 Re8 12. a5 Nf8 13. Nc4 g5 14. Bg3 Ng6 15. Bf1 Bg4 16. h3 Bh5 17. dxe5 dxe5 18. Qd6 Qxd6 19. Nxd6 Re7 20. Nf5 Ree8 21. Nd2 Nf4 22. Nc4 Bf8 23. f3 Bg6 24. Nfd6 Re7 25. Bf2 Ne8 26. Nf5 Bxf5 27. exf5 f6 28. Rad1 Nd5 29. Nd2 b5 30. axb6 axb6 31. Ne4 Kg7 32. c4 Nb4 33. Bxb6 Rb7 34. Bc5 Rab8 35. Rd2 Na6 36. Bxf8+ Kxf8 37. c5 Nac7 38. Rb1 Rb4 39. Rd7 Nd5 40. Ra1 R4b7 41. Rxb7 Rxb7 42. Ra2 Rb4 43. Kf2 h5 44. Ke1 h4 45. Kd2 Rd4+ 46. Ke1 Rb4 47. Be2 Ke7 48. Ra7+ Kd8 49. Ra8+ Kd7 50. Ra7+ Nec7 51. Ra2 Ke7 52. Nd2 Kd8 53. Bf1 Ke7 54. Nc4 Rb5 55. Ra5 Rxa5 56. Nxa5 Kd7 57. Kd2 Ne7 58. Bd3 Ncd5 59. Nc4 Nf4 60. Nd6 Nxg2 61. Ne4 Nd5 62. Bf1 Ngf4 63. b4 Ke7 64. b5 cxb5 65. Bxb5 Nxh3 66. Ke1 Nhf4 67. Kf2 Nh5 68. Bc4 Nc7 69. Nd6 Ne8 70. Nb5 Ng3 71. Bd3 Kd7 72. Nc3 Nc7 73. Be4 Nxe4+ 74. Nxe4 Nd5 75. Kg2 Ke7 76. Kh3 Ne3 77. Nd6 Nd5 78. Ne4 Kf7 79. Nd6+ Kf8 80. Kh2 Ke7 81. Kh3 Kf8 82. Kg4 Nb4 83. Ne4 Kg7 84. Kh3 Nd3 85. Nd6 Nxc5 86. Kg4 Kf8 87. Nc4 Nd3 88. Kh3 Nf4+ 89. Kg4 Nd5 90. Kh3 Ke7 91. Kg4 Kd7 92. Kh3 Kc6 93. Nd2 Kc5 94. Ne4+ Kd4 95. Kg4 Ke3 96. Nd6 Kf2 97. Ne4+ Kg2 0-1

[Event "RUS GP rap"]
[Site "Serpukhov"]
[Date "2018.02.24"]
[Round "11"]
[White "Girya, Olga"]
[Black "Evdokimov, Alexander A"]
[Result "1-0"]
[WhiteElo "2482"]
[BlackElo "2502"]
[PlyCount "103"]
[EventDate "2018.02.23"]
[EventType "swiss (rapid)"]
[EventRounds "11"]
[EventCountry "RUS"]
[SourceTitle "CBM 183 Extra"]
[Source "ChessBase"]
[SourceDate "2018.04.19"]
[SourceVersion "1"]
[SourceVersionDate "2018.04.19"]
[SourceQuality "1"]

1. d4 Nf6 2. Nf3 e6 3. c4 b6 4. g3 Bb7 5. Bg2 Be7 6. 0-0 0-0 7. Nc3 Ne4 8. Bd2 f5 9. Ne5 Nxc3 10. Bxc3 Bxg2 11. Kxg2 Bf6 12. Qd3 a5 13. Qf3 d5 14. Nd3 c6 15. cxd5 cxd5 16. b4 axb4 17. Nxb4 Ra3 18. Nc2 Ra4 19. Bb4 Re8 20. Qb3 Qd7 21. e3 Rc8 22. Ne1 Na6 23. Bd2 b5 24. Nd3 Rac4 25. Rab1 Rb8 26. Rfc1 h6 27. Nb2 Qb7 28. Kg1 Rxc1+ 29. Rxc1 Nc7 30. Nd3 Ne8 31. Bb4 Rc8 32. Bc5 Qa6 33. Rb1 Nc7 34. a3 Kh7 35. Qb4 Ra8 36. Rc1 Ne8 37. Nf4 Bg5 38. Nd3 Bd8 39. Rb1 Nc7 40. h4 Qc6 41. Ne5 Qa6 42. Bd6 Ne8 43. Bf8 Kg8 44. Be7 Bxe7 45. Qxe7 Kh7 46. Kg2 Nf6 47. Qf7 Ra7 48. Qg6+ Kg8 49. Rc1 Ra8 50. Rc7 Ne8 51. Re7 Qxa3 52. Rxe8+ 1-0

[Event "Kolomna rapid op"]
[Site "Kolomna"]
[Date "2018.02.17"]
[Round "8"]
[White "Evdokimov, Alexander A"]
[Black "Drozdova, Dina"]
[Result "1-0"]
[WhiteElo "2502"]
[BlackElo "2209"]
[PlyCount "91"]
[EventDate "2018.02.16"]
[EventType "swiss (rapid)"]
[EventRounds "11"]
[EventCountry "RUS"]
[SourceTitle "CBM 183 Extra"]
[Source "ChessBase"]
[SourceDate "2018.04.19"]
[SourceVersion "1"]
[SourceVersionDate "2018.04.19"]
[SourceQuality "1"]

1. d4 d6 2. Nf3 Nf6 3. c4 g6 4. Nc3 Bg7 5. Bf4 0-0 6. e3 c5 7. Be2 b6 8. 0-0 Nbd7 9. h3 Bb7 10. d5 a6 11. a4 Ne8 12. Qd2 Ne5 13. e4 Qc7 14. Nh2 e6 15. Bh6 exd5 16. cxd5 Nd7 17. Rae1 b5 18. axb5 axb5 19. Bxb5 Ba6 20. Ra1 Qc8 21. Bxg7 Kxg7 22. Ng4 Bxb5 23. Nxb5 Rb8 24. Na7 Qc7 25. Nc6 Ndf6 26. Nxb8 Qxb8 27. Qc3 h5 28. Nxf6 Nxf6 29. Ra6 Re8 30. f3 Qd8 31. Rfa1 h4 32. Rc6 Qe7 33. Raa6 Rd8 34. Ra4 Kg8 35. Rca6 Nh5 36. Ra8 Nf4 37. Qd2 g5 38. Kh1 Ng6 39. R4a7 Qf6 40. Rxd8+ Qxd8 41. b4 cxb4 42. Qxb4 Qf6 43. Qb8+ Kg7 44. Ra6 Nf4 45. Qxd6 Qb2 46. Qh6+ 1-0

[Event "Dvorkovich Memorial rapid op"]
[Site "Taganrog"]
[Date "2018.01.14"]
[Round "7"]
[White "Chernyavsky, Alexander"]
[Black "Evdokimov, Alexander A"]
[Result "1-0"]
[WhiteElo "2326"]
[BlackElo "2502"]
[PlyCount "91"]
[EventDate "2018.01.13"]
[EventType "swiss (rapid)"]
[EventRounds "11"]
[EventCountry "RUS"]
[SourceTitle "CBM 182 Extra"]
[Source "ChessBase"]
[SourceDate "2018.02.23"]
[SourceVersion "1"]
[SourceVersionDate "2018.02.23"]
[SourceQuality "1"]

1. d4 Nf6 2. Nf3 e6 3. Bf4 b6 4. e3 Bb7 5. Nbd2 Be7 6. Bd3 c5 7. h3 0-0 8. 0-0 cxd4 9. exd4 d6 10. c3 Nbd7 11. Qe2 Re8 12. Bh2 Nf8 13. a4 a6 14. Nc4 Nd5 15. Nfd2 Qc7 16. Ne4 Red8 17. Ne3 Ng6 18. Nxd5 Bxd5 19. c4 Bb7 20. a5 Rac8 21. b4 bxa5 22. bxa5 Qd7 23. Rfb1 f5 24. Nc3 Bf6 25. Na4 Bxd4 26. Nb6 Qc6 27. Qxe6+ Kh8 28. Bf1 Bxa1 29. Rxa1 Rc7 30. Qxf5 Qc5 31. Qc2 Rf7 32. Qd2 Ne5 33. Rd1 Rdf8 34. Bg3 Rf3 35. Qd4 Qxd4 36. Rxd4 Ra3 37. Rxd6 Ng6 38. Rd7 Bc6 39. Rc7 Be8 40. Bd6 Rxa5 41. Bxf8 Nxf8 42. c5 Kg8 43. Bc4+ Kh8 44. Rc8 Ra1+ 45. Kh2 Re1 46. c6 1-0

[Event "Izmir MTS 6th"]
[Site "Izmir"]
[Date "2017.07.11"]
[Round "8.7"]
[White "Magalashvili, Davit"]
[Black "Evdokimov, Alexander A"]
[Result "1/2-1/2"]
[WhiteElo "2489"]
[BlackElo "2493"]
[PlyCount "37"]
[EventDate "2017.07.07"]
[EventType "schev"]
[EventRounds "10"]
[EventCountry "TUR"]
[SourceTitle "CBM 179 Extra"]
[Source "ChessBase"]
[SourceDate "2017.08.23"]
[SourceVersion "1"]
[SourceVersionDate "2017.08.23"]
[SourceQuality "1"]
[WhiteTeam "White Team"]
[BlackTeam "Blue Team"]
[WhiteTeamCountry "TUR"]
[BlackTeamCountry "TUR"]

1. Nf3 Nf6 2. c4 g6 3. g3 Bg7 4. Bg2 0-0 5. 0-0 c5 6. Nc3 Nc6 7. d4 cxd4 8. Nxd4 Qa5 9. Nc2 d6 10. Bd2 Qh5 11. e4 Ng4 12. h3 Nge5 13. Qxh5 gxh5 14. Ne3 Bxh3 15. f4 Bxg2 16. Kxg2 Ng4 17. Nf5 Bxc3 18. Bxc3 e6 19. Nxd6 1/2-1/2

[Event "Izmir MTS 6th"]
[Site "Izmir"]
[Date "2017.07.09"]
[Round "5.10"]
[White "Evdokimov, Alexander A"]
[Black "Agdelen, Huseyin Can"]
[Result "1-0"]
[WhiteElo "2493"]
[BlackElo "2309"]
[PlyCount "81"]
[EventDate "2017.07.07"]
[EventType "schev"]
[EventRounds "10"]
[EventCountry "TUR"]
[SourceTitle "CBM 179 Extra"]
[Source "ChessBase"]
[SourceDate "2017.08.23"]
[SourceVersion "1"]
[SourceVersionDate "2017.08.23"]
[SourceQuality "1"]
[WhiteTeam "Blue Team"]
[BlackTeam "White Team"]
[WhiteTeamCountry "TUR"]
[BlackTeamCountry "TUR"]

1. Nf3 Nf6 2. c4 g6 3. Nc3 d5 4. cxd5 Nxd5 5. h4 h5 6. e4 Nb6 7. d4 Bg7 8. Be3 Bg4 9. Bb5+ c6 10. Be2 0-0 11. Qd2 Bxf3 12. gxf3 e5 13. dxe5 Qxd2+ 14. Kxd2 Bxe5 15. f4 Bg7 16. Rhg1 N8d7 17. Kc2 Kh7 18. a4 Rad8 19. f5 Rde8 20. a5 Nc8 21. Rad1 Nf6 22. Bc5 Nxe4 23. Nxe4 Rxe4 24. Bd3 Rfe8 25. fxg6+ fxg6 26. Rxg6 Kxg6 27. f3 b6 28. Bxe4+ Rxe4 29. fxe4 bxc5 30. Rd8 Ne7 31. Rd7 Nc8 32. Rc7 Nd6 33. Rxc6 Be5 34. Ra6 c4 35. Rxa7 Kf6 36. a6 Bd4 37. Rd7 Ke6 38. a7 Bxa7 39. Rxa7 Nxe4 40. Ra5 Ng3 41. Kc3 1-0

[Event "Izmir MTS 6th"]
[Site "Izmir"]
[Date "2017.07.09"]
[Round "4.1"]
[White "Guseynov, Alihan"]
[Black "Evdokimov, Alexander A"]
[Result "1/2-1/2"]
[WhiteElo "2352"]
[BlackElo "2493"]
[PlyCount "32"]
[EventDate "2017.07.07"]
[EventType "schev"]
[EventRounds "10"]
[EventCountry "TUR"]
[SourceTitle "CBM 179 Extra"]
[Source "ChessBase"]
[SourceDate "2017.08.23"]
[SourceVersion "1"]
[SourceVersionDate "2017.08.23"]
[SourceQuality "1"]
[WhiteTeam "White Team"]
[BlackTeam "Blue Team"]
[WhiteTeamCountry "TUR"]
[BlackTeamCountry "TUR"]

1. d4 Nf6 2. c4 e6 3. Nc3 c5 4. Nf3 cxd4 5. Nxd4 Nc6 6. g3 Qb6 7. Ndb5 Ne5 8. Bf4 d6 9. Bg2 Nfg4 10. 0-0 a6 11. Na4 Qd8 12. Na3 Ng6 13. Bd2 Rb8 14. c5 dxc5 15. Nc4 N4e5 16. Nxe5 Nxe5 1/2-1/2

[Event "Izmir MTS 6th"]
[Site "Izmir"]
[Date "2017.07.08"]
[Round "3.2"]
[White "Evdokimov, Alexander A"]
[Black "Arat, Ufuk Sezen"]
[Result "1-0"]
[WhiteElo "2493"]
[BlackElo "2400"]
[PlyCount "161"]
[EventDate "2017.07.07"]
[EventType "schev"]
[EventRounds "10"]
[EventCountry "TUR"]
[SourceTitle "CBM 179 Extra"]
[Source "ChessBase"]
[SourceDate "2017.08.23"]
[SourceVersion "1"]
[SourceVersionDate "2017.08.23"]
[SourceQuality "1"]
[WhiteTeam "Blue Team"]
[BlackTeam "White Team"]
[WhiteTeamCountry "TUR"]
[BlackTeamCountry "TUR"]

1. Nf3 Nf6 2. c4 c5 3. Nc3 e6 4. g3 b6 5. Bg2 Bb7 6. 0-0 d6 7. d4 cxd4 8. Qxd4 Be7 9. Bg5 h6 10. Bxf6 Bxf6 11. Qf4 Bxc3 12. bxc3 Qe7 13. Rfd1 e5 14. Qd2 Na6 15. Qxd6 Qxd6 16. Rxd6 Bxf3 17. Bxf3 Rd8 18. Rc6 0-0 19. a4 Nc5 20. Rc7 e4 21. Bg2 a5 22. Rc6 Rb8 23. f3 Rfc8 24. Rd6 Rd8 25. Rd5 Rxd5 26. cxd5 exf3 27. exf3 Kf8 28. Bf1 Rd8 29. Bc4 Rd7 30. Kf2 Ke7 31. Re1+ Kd6 32. Bb5 Re7 33. Rxe7 Kxe7 34. Ke3 Kd6 35. Bc6 Ke5 36. f4+ Kd6 37. Kd4 Na6 38. Kc4 Nc7 39. Kd4 Na6 40. Be8 Ke7 41. Bb5 Nc7 42. Kc4 Kd6 43. Bc6 Ke7 44. Kd4 Kd6 45. Bb7 Ne8 46. Bc6 Nc7 47. Bb7 Ne8 48. c4 Nf6 49. Bc8 Kc7 50. Bf5 Kd6 51. Bh3 Ng8 52. Bc8 Ne7 53. Bg4 Ng8 54. Bh5 g6 55. Bf3 f5 56. g4 fxg4 57. Bxg4 Nf6 58. h3 g5 59. fxg5 hxg5 60. Bc8 Ne8 61. Be6 Nf6 62. Bg4 Ne8 63. Ke4 Ke7 64. Kd4 Kf6 65. c5 bxc5+ 66. Kxc5 Ke5 67. Be6 Nd6 68. Kb6 Nc4+ 69. Kb5 Kd4 70. Bg8 Nd6+ 71. Kxa5 Kc5 72. Ka6 Nc4 73. Kb7 Kb4 74. Kc6 Kxa4 75. d6 Ne5+ 76. Kd5 Nd7 77. Be6 Nb6+ 78. Ke5 Kb5 79. d7 Nxd7+ 80. Bxd7+ Kc5 81. Be8 1-0

[Event "Ankara Baskent Univ op 2nd"]
[Site "Ankara"]
[Date "2017.07.03"]
[Round "5"]
[White "Ali Marandi, Cemil Can"]
[Black "Evdokimov, Alexander A"]
[Result "1/2-1/2"]
[WhiteElo "2496"]
[BlackElo "2493"]
[PlyCount "106"]
[EventDate "2017.06.30"]
[EventType "swiss"]
[EventRounds "9"]
[EventCountry "TUR"]
[SourceTitle "CBM 179 Extra"]
[Source "ChessBase"]
[SourceDate "2017.08.23"]
[SourceVersion "1"]
[SourceVersionDate "2017.08.23"]
[SourceQuality "1"]

1. e4 c6 2. d4 d5 3. e5 Bf5 4. Nf3 e6 5. Be2 Nd7 6. 0-0 Bg6 7. Nbd2 Nh6 8. Nb3 Nf5 9. a4 h5 10. a5 h4 11. g4 hxg3 12. hxg3 Rc8 13. Bf4 Be7 14. Kg2 a6 15. Rh1 Rxh1 16. Qxh1 c5 17. c3 cxd4 18. Nbxd4 Nc5 19. Bd1 Kd7 20. Nxf5 Bxf5 21. Nd4 Be4+ 22. f3 Bg6 23. b4 Nd3 24. Ba4+ Kc7 25. Be3 Qh8 26. Qg1 Qh5 27. Nxe6+ fxe6 28. Ba7 Bc5 29. Bxc5 Qxe5 30. Qe3 Qxe3 31. Bxe3 Kd6 32. Bd2 e5 33. Bc2 d4 34. Bxd3 Bxd3 35. Rc1 Kd5 36. cxd4 Rxc1 37. Bxc1 exd4 38. Kf2 Bb5 39. g4 Kc4 40. f4 Kxb4 41. Bd2+ Kb3 42. f5 Kc2 43. Ke1 Bd3 44. Bf4 Be4 45. Be5 d3 46. Bf4 Kc3 47. Be5+ Kc2 48. Bf4 Bd5 49. g5 Be4 50. f6 gxf6 51. gxf6 Bg6 52. Be3 Bh5 53. Bf4 Bf7 1/2-1/2